Dictatorships - Sudden Death - Statistics

General Stats
  • This quiz has been taken 180 times
    22 since last reset
  • The average score is 6 of 15
Answers on the Grid
Answers color-coded by a green-red scale on the quiz's grid according to % correct below.
Afghanistan
Azerbaijan
Bahrain
Belarus
Cuba
Eritrea
Cambodia
Iran
Myanmar
Nicaragua
North Korea
Russia
Syria
Turkmenistan
Venezuela
El Salvador
Brazil
Guatemala
Mongolia
Tuvalu
Brunei
San Marino
Tunisia
Greece
Morocco
South Africa
Ecuador
Nepal
Bhutan
Armenia
 
Answer Stats
Answer % Correct
North Korea
67%
Afghanistan
58%
Cuba
58%
Myanmar
58%
Eritrea
50%
Russia
50%
Belarus
42%
Venezuela
42%
Azerbaijan
33%
Iran
33%
Brunei
25%
Cambodia
25%
Nicaragua
25%
Turkmenistan
25%
Bahrain
0%
No matching quizzes found
Score Distribution
Percent of People with Each Score
Percentile by Number Answered
Your Score History
You have not taken this quiz since the last reset